000 00404nam a2200145 i 4500
001 bg
100 1 _aJASTRZĘBSKI, Stefan.
245 0 _aAtlas zanieczyszczeń wydzielanych przy procesach hutnictwa żelaza /
_cStefan Jastrzębski, Jan Kapała.
260 _aKatowice,
_c1968.
700 1 _aKAPAŁA, Jan.
040 _cBPK
041 _apol
942 _cKS
008 s pl f |000 0 pol
999 _c19522
_d19522
856 _uhttp://koha.tu.koszalin.pl/cgi-bin/koha/opac-detail.pl?biblionumber=19522
_yKatalog online BPK